Loading...
| History - Other History | 0 | 3 | 0 | 1 | 30 | 35 | 64.00 | 2 | 2 |
| Social Science | 0 | 3 | 0 | 1 | 30 | 77 | 96.67 | 0 | 0 |
| Science - Biology | 0 | 3 | 0 | 2 | 30 | 66 | 101.33 | 0 | 1 |
| Literature - World/Other Literature | 0 | 2 | 0 | 1 | 20 | 125 | 138.00 | 0 | 1 |
| Literature - European Literature | 0 | 2 | 0 | 0 | 20 | 117 | 119.50 | 0 | 0 |
| Science - Chemistry | 0 | 2 | 1 | 2 | 15 | 119 | 120.00 | 0 | 0 |
| History - American History | 0 | 1 | 0 | 0 | 10 | 63 | 63.00 | 1 | 1 |
| Fine Arts - Visual Fine Arts | 0 | 1 | 0 | 0 | 10 | 120 | 120.00 | 0 | 0 |
| Geography/Current Events | 0 | 1 | 0 | 0 | 10 | 91 | 91.00 | 0 | 0 |
| Other Academic | 0 | 1 | 0 | 0 | 10 | 78 | 78.00 | 1 | 1 |
| Science - Physics | 0 | 2 | 2 | 2 | 10 | 106 | 116.00 | 0 | 1 |
| Fine Arts - Classical Music | 0 | 1 | 0 | 0 | 10 | 48 | 48.00 | 1 | 1 |
| Religion | 0 | 1 | 1 | 0 | 5 | 83 | 83.00 | 1 | 1 |
| Science - Other Science | 0 | 1 | 1 | 1 | 5 | 125 | 125.00 | 0 | 0 |
| Literature - American Literature | 0 | 0 | 0 | 0 | 0 | 0.00 | 0 | 0 | |
| Philosophy | 0 | 0 | 1 | 0 | -5 | 0.00 | 0 | 0 | |
| History - World History | 0 | 0 | 1 | 0 | -5 | 0.00 | 0 | 0 |